Quiz o markach samochodów #1 - Statystyki

Ogólne statystyki
  • Ten quiz został rozwiązany 7 848 razy
  • Średni wynik to 10 z 21
Statystyki odpowiedzi
Model Marka % Poprawnych
Corolla Toyota
90%
911 Carrera Porsche
87%
Corvette Chevrolet
83%
Sportage Kia
76%
Veyron Bugatti
74%
Accord Honda
72%
Viper Dodge
68%
Beetle Volkswagen
67%
Cherokee Jeep
61%
Crown Victoria Ford
48%
Elantra Hyundai
38%
Galant Mitsubishi
37%
Escalade Cadillac
32%
Maxima Nissan
31%
Outback Subaru
26%
Navigator Lincoln
18%
Grand Am Pontiac
18%
LeSabre Buick
10%
Gremlin AMC
9%
Cutlass Oldsmobile
9%
Ion Saturn
4%
Nie znaleziono quizów pasujących do podanych kryteriów
Rozkład punktacji
Procent ludzi z każdym wynikiem
Percentyl według liczby udzielonych odpowiedzi
Twoja historia wyników
Nie rozwiązałeś tego quizu